| 000 | 02738nkm0a2200409 4500 | ||
|---|---|---|---|
| 001 | RU\NLR\DIGIT\522429 | ||
| 005 | 20250806204326.0 | ||
| 020 |
_b561 _9ЛЕНИНГРАД В ВЕЛИКОЙ ОТЕЧЕСТВЕННОЙ ВОЙНЕ: Печать Ленинграда, 1941 - 1945: каталог изданий, хранящихся в фондах Государственной Публичной библиотеки, вып.2. Листовки,плакаты,открытки,альбомы/Гос.публ.б-ка им.М.Е.Салтыкова-Щедрина. - Ленинград,1972 |
||
| 035 | _a(NLR Aleph) 010470988 | ||
| 090 |
_a78954 _c78954 |
||
| 100 | _a20140617d1941 m y0rusy50 ca | ||
| 101 | 0 | _arus | |
| 102 | _aRU | ||
| 116 | _adiycxx zz ad | ||
| 135 | _acrcn 024apaba | ||
| 200 | 1 |
_aДа здравствует XXIV годовщина Великой октябрьской социалистической революции, свергнувшей власть империалистов в нашей стране!... _e[Плакат] |
|
| 210 |
_cГлавкинопрокат _d1941 |
||
| 215 |
_a1 л. _d81х62 см |
||
| 325 | _aКопия доступна в Электрон. б-ке РНБ http://vivaldi.nlr.ru/la000010168/view | ||
| 327 | _aКинореклама фильмов, демонстрировавшихся в кинотеатрах Ленинграда. Внизу - краснофлотец и боец Красной Армии на фоне Невы и Адмиралтейства | ||
| 517 | 1 | _aXXIV годовщина Великой Октябрьской социалистической революции | |
| 540 | 1 | _aВ дни XXIV-й годовщины Октября, смотрите на экранах кино-театров и домов культуры Ленинграда художественные кино-фильмы... | |
| 606 | 1 |
_aБлокада Ленинграда _z1941 - 1944 _jПлакаты _2nlr_sh1 _2nlr_sh2 _3RU\NLR\AUTH\661253360 |
|
| 608 | _aПлакаты культурно-зрелищные | ||
| 610 | 0 | _aПлакаты | |
| 801 | 2 |
_aRU _bNLR _c20110204 _2rusmarc |
|
| 852 |
_aNLR _bЛ3-310 п _j26/3-2 |
||
| 856 | 0 | _uhttp://vivaldi.nlr.ru/la000010168/view | |
| 856 | 1 | _uhttp://vivaldi.nlr.ru/la000010168/cover | |
| 856 | 2 | _uhttp://vivaldi.nlr.ru/la000010168/text | |
| 942 | _cVISUAL | ||
| 945 | _aРоссийская национальная библиотека | ||
| 980 | _aBV | ||
| 981 | 1 | 7 |
_a(17) Изографические материалы _b(17) Плакаты |
| 981 | 3 | 7 | _a(37) Ленинград в Великой Отечественной войне |